000 00633nam a22002057a 4500
005 20251108165922.0
008 250721s2001 xx 000 0 ara d
082 1 4 _a306/ناب
100 1 _aالنابلسي، شاكر
245 1 0 _aالفكر العربي في القرن العشرين (1950-2000) /
264 1 _aبيروت :
_bالمؤسسة العربية،
_c2001.
300 _a
650 1 7 _aالفكر العربي
650 1 7 _aالثقافة العربية
650 1 7 _aالحرية
650 1 7 _aالإسلام و الغرب
650 1 7 _aالتقدم الحضاري
942 _2ddc
_cBK
999 _c34820
_d34820